000
00335nam a2200157Ia 4500
003
OSt
005
20240312102408.0
008
170523s9999 xx 000 0 und d
020
_a
978-8120311268
040
_c
iimtu meerut
100
_a
PANDEY- IM
245
0
_a
VENTURE CAPITAL
260
_b
PHI
260
_c
2003
942
_2
ddc
_c
02
999
_c
1488
_d
1488